000
00273nam a22001097a 4500
082
_a
355.02 DOU'P
100
_a
DOUGHTON, WILLIAM E
_9
76960
245
_a
A PSYCHOLOGICAL WARFARE CASEBOOK
260
_a
LONDON
_b
OPERATION RESEARCH OFFIC
_c
1964
300
_a
880P
942
_c
BK
999
_c
582274
_d
582274